MARC details
| 000 -LEADER |
| fixed length control field |
02514cam a22003254a 4500 |
| 001 - CONTROL NUMBER |
| control field |
7165398 |
| 003 - CONTROL NUMBER IDENTIFIER |
| control field |
ARRUPE |
| 005 - DATE AND TIME OF LATEST TRANSACTION |
| control field |
20150221020007.0 |
| 008 - FIXED-LENGTH DATA ELEMENTS--GENERAL INFORMATION |
| fixed length control field |
081105r20092007nyu 000 0 eng |
| 010 ## - LIBRARY OF CONGRESS CONTROL NUMBER |
| LC control number |
2008048142 |
| 020 ## - INTERNATIONAL STANDARD BOOK NUMBER |
| International Standard Book Number |
9780374258597 (pbk. : alk. paper) |
| 020 ## - INTERNATIONAL STANDARD BOOK NUMBER |
| International Standard Book Number |
0374258597 (pbk. : alk. paper) |
| 024 ## - OTHER STANDARD IDENTIFIER |
| Standard number or code |
40016627521 |
| 035 ## - SYSTEM CONTROL NUMBER |
| System control number |
(OCoLC)ocn243544754 |
| 035 ## - SYSTEM CONTROL NUMBER |
| System control number |
(OCoLC)243544754 |
| 035 ## - SYSTEM CONTROL NUMBER |
| System control number |
(NNC)7165398 |
| 040 ## - CATALOGING SOURCE |
| Original cataloging agency |
DLC |
| Transcribing agency |
DLC |
| Modifying agency |
BTCTA |
| -- |
BAKER |
| -- |
YDXCP |
| -- |
C#P |
| -- |
OrLoB-B |
| 050 00 - LIBRARY OF CONGRESS CALL NUMBER |
| Classification number |
PR6013.U65 |
| Item number |
A6 2009 |
| 082 00 - DEWEY DECIMAL CLASSIFICATION NUMBER |
| Classification number |
821/.914 |
| Edition number |
22 |
| 300 ## - PHYSICAL DESCRIPTION |
| Dimensions |
21 cm. |
| 100 1# - MAIN ENTRY--PERSONAL NAME |
| Personal name |
Gunn, Thom |
| 9 (RLIN) |
14803 |
| 245 10 - TITLE STATEMENT |
| Title |
Selected poems / |
| Statement of responsibility, etc |
Thom Gunn and Ted Hughes |
| 260 ## - PUBLICATION, DISTRIBUTION, ETC. (IMPRINT) |
| Place of publication, distribution, etc |
London : |
| Name of publisher, distributor, etc |
Faber and Faber, |
| Date of publication, distribution, etc |
1962. |
| 300 ## - PHYSICAL DESCRIPTION |
| Extent |
64 p. ; |
| 500 ## - GENERAL NOTE |
| General note |
Originally published: Great Britain : Faber and Faber, Ltd, 2007. |
| 505 00 - FORMATTED CONTENTS NOTE |
| Title |
Introduction / |
| Statement of responsibility |
August Kleinzahler -- |
| Title |
From Fighting Terms (1954) -- |
| -- |
The Wound -- |
| -- |
Tamer and Hawk -- |
| -- |
From The Sense of Movement (1957) -- |
| -- |
On the Move -- |
| -- |
At the Back of the North Wind -- |
| -- |
High Fidelity -- |
| -- |
To Yvor Winters, 1955 -- |
| -- |
From My Sad Captains (1961) -- |
| -- |
In Santa Maria del Popolo -- |
| -- |
Modes of Pleasure (#2) -- |
| -- |
The Value of Gold -- |
| -- |
Waking in a Newly Built House -- |
| -- |
Flying above California -- |
| -- |
Considering the Snail -- |
| -- |
The Feel of Hands -- |
| -- |
Lights among Redwood -- |
| -- |
My Sad Captains -- |
| -- |
From Touch (1967) -- |
| -- |
The Goddess -- |
| -- |
Touch -- |
| -- |
From Moly (1971) -- |
| -- |
Rites of Passage -- |
| -- |
Moly -- |
| -- |
Phaedra in the Farm House -- |
| -- |
Three -- |
| -- |
Words -- |
| -- |
From the Wave -- |
| -- |
The Rooftop -- |
| -- |
Listening to Jefferson Airplane -- |
| -- |
Flooded Meadows -- |
| -- |
Grasses -- |
| -- |
At the Centre -- |
| -- |
The Discovery of the Pacific -- |
| -- |
Sunlight -- |
| -- |
From Jack Straw's Castle (1976) -- |
| -- |
The Bed -- |
| -- |
The Night Piece -- |
| -- |
Last Days at Teddington -- |
| -- |
All Night, Legs Pointed East -- |
| -- |
Autobiography -- |
| -- |
From The Passages of Joy (1982) -- |
| -- |
Song of a Camera -- |
| -- |
Keats at Highgate -- |
| -- |
June -- |
| -- |
From The Man with Night Sweats (1992) -- |
| -- |
The Hug -- |
| -- |
To a Friend in Time of Trouble -- |
| -- |
Philemon and Baucis -- |
| -- |
A Sketch of the Great Dejection -- |
| -- |
Patch Work -- |
| -- |
Well Dennis O'Grady -- |
| -- |
The Stealer -- |
| -- |
Nasturtium -- |
| -- |
The Man with Night Sweats -- |
| -- |
Lament -- |
| -- |
Still Life -- |
| -- |
The J Car -- |
| -- |
The Missing -- |
| -- |
Death's Door -- |
| -- |
From Boss Cupid (2000) -- |
| -- |
My Mother's Pride -- |
| -- |
The Gas-poker -- |
| -- |
Arachne -- |
| -- |
Shit -- |
| -- |
The Dump -- |
| -- |
In Trust. |
| 700 1# - ADDED ENTRY--PERSONAL NAME |
| Personal name |
Hughes, Ted. |
| 9 (RLIN) |
15413 |
| 900 ## - EQUIVALENCE OR CROSS-REFERENCE-PERSONAL NAME [LOCAL, CANADA] |
| Numeration |
TOC |
| 942 ## - ADDED ENTRY ELEMENTS (KOHA) |
| Source of classification or shelving scheme |
Library of Congress Classification |
| Koha item type |
Monograph ( Printed materials) |
| Koha issues (borrowed), all copies |
1 |
| 948 1# - LOCAL PROCESSING INFORMATION (OCLC); SERIES PART DESIGNATOR (RLIN) |
| Series part designator, SPT (RLIN) |
20090603 |
| b (OCLC) |
c |
| c (OCLC) |
sl13 |
| d (OCLC) |
MPS |